| 000 | 00742nam a22002057a 4500 | ||
|---|---|---|---|
| 999 |
_c5395 _d5395 |
||
| 003 | AR-CdUCM | ||
| 008 | 190312b ||||| |||| 00| 0 spa d | ||
| 040 |
_aMUNICIPALIDAD PROVINCIAL DEL CUSCO _cBIBLIOTECA MUNICIPAL DEL CUSCO |
||
| 082 |
_a985.72 / _bP26 |
||
| 100 |
_aParedes Pando, Oscar _914521 |
||
| 245 | _aAmazonia 500 años / | ||
| 260 |
_aCusco : _bUniversidad Nacional de San Antonio Abad del Cusco, _c1996. |
||
| 300 |
_a386 páginas ; _bilustraciones, _c21 cm. |
||
| 505 | _aNaturaleza amazónica -- Tiempos pre-hispánicos -- Aventureros e invasores -- Neo-conquistadores -- Extractivismo-mercantil | ||
| 650 |
_aAmazonía _93433 |
||
| 650 |
_aPerú _935 |
||
| 650 |
_aHistoria _9136 |
||
| 942 |
_2ddc _cLIBROS |
||
| 945 | _aLiseth | ||